Fantasía toledana (Record no. 70796)

MARC details
000 -LEADER
campo de control de longitud fija 00636nam a2200193 i 4500
001 - NÚMERO DE CONTROL
campo de control 70796
003 - IDENTIFICADOR DE NÚMERO DE CONTROL
campo de control ES-MaACL
007 - CAMPO FIJO DE DESCRIPCIÓN FÍSICA--INFORMACIÓN GENERAL
campo de control de longitud fija t|
008 - DATOS DE LONGITUD FIJA--INFORMACIÓN GENERAL
campo de control de longitud fija 040803s1983 sp ||||1| spa d
100 0# - ENTRADA PRINCIPAL--NOMBRE DE PERSONA
Nombre de persona Garrido Chamorro, Manuel,
Fechas asociadas al nombre 1923-1990
9 (RLIN) 55691
245 10 - MENCIÓN DEL TÍTULO
Título Fantasía toledana
Resto del título : (glosa para un poemario exquisito) /
Mención de responsabilidad, etc. Manuel Garrido Chamorro.
260 ## - PUBLICACIÓN, DISTRIBUCIÓN, ETC.
Lugar de publicación, distribución, etc. La Carolina :
Nombre del editor, distribuidor, etc. [s.n.],
Fecha de publicación, distribución, etc. 1983 (
Fabricante Gráficas Ramirez)
300 ## - DESCRIPCIÓN FÍSICA
Extensión 51 p. :
Otras características físicas il. ;
Dimensiones 21 cm.
490 1# - MENCIÓN DE SERIE
Mención de serie La peñuela ;
Designación de volumen o secuencia 20
830 33 - PUNTO DE ACCESO ADICIONAL DE SERIE-TÍTULO UNIFORME
Título uniforme La peñuela (Serie) ;
Designación de volumen o secuencia 20
9 (RLIN) 236651
852 ## - LOCALIZACIÓN
Ubicación ES-MaACL
Número de control de estantería L-4294
Sublocalización o colección R.105190
itemnumber 73440
942 ## - ELEMENTOS DE ENTRADA SECUNDARIOS (KOHA)
Fuente del sistema de clasificación o colocación Clasificación decimal universal
Holdings
Estatus retirado Estado de pérdida Estado de daño No para préstamo Biblioteca de origen Biblioteca actual Ubicación en estantería Fecha de adquisición Fuente de adquisición Total de préstamos Signatura topográfica completa Código de barras Visto por última vez Precio de reemplazo Tipo de ítem Koha
        Biblioteca del Ateneo de Madrid Biblioteca del Ateneo de Madrid Depósito 2 17/01/2008     L-4294 1074127 23/02/2023 23/02/2023 Libro impreso